| 000 | 02421nam0a2200421 4500 | ||
|---|---|---|---|
| 001 | RU\NLR\BIBL_A\011782981 | ||
| 005 | 20180921145513.0 | ||
| 010 |
_a978-5-360-10240-3 _93500 |
||
| 021 |
_aRU _bКН-П-18-056416 _9КН-П-18-4070 |
||
| 035 | _a(NLR Aleph) 011782981 | ||
| 035 | _a(RuMoRGB)009703656 | ||
| 090 |
_a11786486 _c11786486 |
||
| 100 | _a20180905d2019 u y0rusy50 ca | ||
| 101 | 0 |
_arus _aeng |
|
| 102 | _aRU | ||
| 105 | _aac||j|||000zy | ||
| 200 | 1 |
_aАнглийский язык _e11 класс _eбазовый уровень _eучебник для учащихся общеобразовательных организаций _e[соответствует Федеральному государственному образовательному стандарту среднего (полного) общего образования (2012 г.) _fд-р филол. наук, проф. М.В. Вербицкая, Дж. Каминс Карр, Дж. Парсонс, О.С. Миндрул] _gпод редакцией доктора филологических наук, профессора М.В. Вербицкой |
|
| 205 | _a4-е изд., стер. | ||
| 210 |
_aМосква _cВентана-Граф _a[Harlow, Ess.] _cPearson education limited _d2019 [т.е. 2018] |
||
| 215 |
_a172, [3] с. _cпортр., цв. ил., табл., портр. _d29 |
||
| 225 | 1 | _aАлгоритм успеха | |
| 225 | 1 | _aForward | |
| 225 | 1 |
_aРоссийский учебник _eРУ |
|
| 300 | _aНа обл.: English: student's book: 11 / Maria Verbitskaya, Jane Comyns Carr, Jennifer Parsons, Olga Mindrul | ||
| 300 | _aАвт. указаны в конце кн. | ||
| 300 | _aКн. фактически изд. в 2018 г. | ||
| 512 | 1 |
_aEnglish _estudent's book _e11 |
|
| 606 | 1 |
_aАнглийский язык _jУчебники для средней школы _9972309 _3RU\NLR\AUTH\6646032 |
|
| 686 | 3 | _aШ143.21-93рус21[11] | |
| 701 | 1 |
_7ca _8rus _aВербицкая _bМ. В. _gМария Валерьевна _939961 _3RU\NLR\AUTH\7757029 |
|
| 701 | 1 |
_aКаминс Карр _bД. _gДжейн _9151590 _3RU\NLR\AUTH\770151628 |
|
| 701 | 1 |
_aПарсонс _bД. _gДженнифер |
|
| 701 | 1 |
_aМиндрул _bО. С. _gОльга Сергеевна |
|
| 942 | _cBOOK | ||
| 980 | _aNBR | ||
| 980 | _aNB | ||